000 01175nam a2200385 4500
001
003 DO-SdBNP
005 20240321122839.0
008 160127s2010 mx spa
015 _a
017 _a
_b
020 _a9789681656331
035 _a
040 _aBPMSU
_bspa
_cBPMSU
_e
082 4 _a972.03
_bG643p 2010
_222
084 _a
_2
100 1 _aGonzález, Luis.
_eautor
_d
_4
245 1 0 _aPueblo en vilo /
_cLuis González.
_b
250 _a4a. ed.
260 _aMéxico :
_bFondo de Cultura Econonómica,
_c2010
300 _a290 p. ;
_c23 cm.
_b
_e
490 0 _aHistoria
500 _a Incluye referencias bibliográficas y notas al pie de las páginas
500 _a
500 _a
504 _a
520 _a
534 _pTítulo original.
_tVor sehnsucht nach dir vergehend. Der private briefwechsel zwischen Maximilian Von mexiko un seiner frau Charlotte.
590 _aInventariado, 2024/VM
651 _aSan José de Gracia (Michoacán de Ocampo, Mexico)
651 _aMéxico
_xHistoria.
710 2 _aFondo de Cultura Económica (México)
910 _aVMateo V. Control de calidad. BPMSU
942 _2ddc
_cBK
999 _c14611
_d14611